02742nam a2200289 a 450000100100000000500170001000800410002702000150006804000250008308200200010810000350012824500470016326000450021030000210025550013400027665000280161665000610164465000410170591000390174604900090178595201330179495201330192795201330206095201180219395201240231199900170243500001392520240530073932.0091202s2004 dr 000 e spa d z9993432017 aDO-SdBNPbspacBNPHU aRD864.44bM351p1 aMármol, José,d1960-9645413aEl placer de lo nimio. /cJosé Mármol. aSanto Domingo :bLetra gráfica,c2004. a187 p. ;c22 cm. aPrólogo -- La poesía y yo: un arte poético medular -- Apuntes inconclusos sobre el amor -- El poeta contra un imperio -- Juan Bosch, cuentista (un resabio personal) -- Autoridad y razón -- Los poetas predilectos de un filósofo -- El bosque de los huesos -- El rumor de la luz -- Espíritu gregario y posmodernidad -- Los intelectuales ideológicos no están de moda -- La ironía perpetua -- Sortilegios del milenio -- Una confesión pagana -- Manuel, qué vivo estás ya muriendo -- Pensar a crédito -- Prognosis, premonición y comején -- El placer de lo nimio -- Epílogos al aire -- La Habana (elegante) -- Luichy Martínez Richiez: poeta del espacio y la materia -- Sentido del ritmo -- Marcio Veloz Maggiolo -- El poema vencidos de León Felipe -- Al filo de Andrés L. Mateo -- La visita de un poeta -- Poesía y tiempo -- La ciudad de los garajes cerrados -- Los paseantes posmodernos -- Las propuestas de Italo Calvino -- Platero y yo en brazos de un guloya -- Vamos a por ella -- La muerte de la poesía -- Futuro del capitalismo -- Bibliografía de la literatura dominicana -- Un libro llamado Virtudes Uribe -- Historia personal de algunas librerías -- Walking around ( contra la insensatez) -- Asalto a la literatura finisecular -- Un cuento infantil -- Carta prólogo -- Un libro singular. 0aEnsayos dominicanos965 4aLiteratura dominicanaxCrítica e interpretación9216 4aAutores dominicanosySIGLO XX918834 aValidado. Control de calidad BNPHU aBNPD 001054708DSaGRbGRcHDd2009-12-02iLF1l0oRD864.44 M351pp13925-30r2020-06-25te. 3w2020-06-25yLFDSZPréstamo en sala 001054708DSaGRbGRcHDd2009-12-02iLF1l0oRD864.44 M351pp13925-40r2020-06-25te. 4w2020-06-25yLFDSZPréstamo en sala 001054708DSaGRbGRcHDd2013-05-10iLF1l0oRD864.44 M351pp13925-50r2020-06-25te. 5w2020-06-25yLFDSZPréstamo en sala 0010718PDaPDbPDcHDd2009-12-02iLF1l0oRD864.44 M351pp13925-10r2020-06-25w2020-06-25yLFPDZNo se presta 0010718PDaPDbPDcHDd2009-12-02iLF1l0oRD864.44 M351pp13925-20r2020-06-25te. 2w2020-06-25yLFPDZNo se presta c13530d13530